| 000 | 00908nam a22002297a 4500 | ||
|---|---|---|---|
| 999 |
_c12272 _d12272 |
||
| 003 | AR-CdUCM | ||
| 008 | 190408b ||||| |||| 00| 0 spa d | ||
| 040 |
_aMUNICIPALIDAD PROVINCIAL DEL CUSCO _cBIBLIOTECA MUNICIPAL DEL CUSCO |
||
| 082 |
_a343 / _bB29 / 1847 |
||
| 100 |
_aBaron de Beaujour _930039 |
||
| 245 | _aTeoría de los gobiernos o curso completo de derecho constitucional / | ||
| 260 |
_aParís : _bLibr. de A. Bouret y Morel, _c1847. |
||
| 300 |
_a374 páginas ; _c13.5 cm. |
||
| 505 | _aContenido: t.1. De la organización de los gobiernos -- De las diferentes formas de gobiernos -- De los gobiernos antiguos -- República de Atenas -- Aristocracia de Roma. | ||
| 650 |
_aGobierno _92618 |
||
| 650 |
_aPolítica _9291 |
||
| 650 |
_aCostumbres _9230 |
||
| 650 |
_aSociedad _953 |
||
| 700 |
_aAyala y Lozano, Rafael De (traductor) _930040 |
||
| 942 |
_2ddc _cLIBROS |
||
| 945 |
_aacv _d08/04/2019 |
||